书目信息 |
| 书名: | Economics of regulation and antitrust | |
| 作者: | W. Kip Viscusi, John M. Vernon, Joseph E. Harrington, Jr. | |
| 分册号: | ||
| 分册名: | 出版地: | Cambridge, Mass. : |
|
| 出版社: | MIT Press | |
| 出版时间: | 2000. | |
| 页数: | xxvi, 864 p. : | |
| 开本: | 24 cm. | |
| 丛书名: | ||
| 中图分类号: | ||
| 科图分类号: | ||
| 其他分类号: | F471.2 | |
| 主题词: | ||
| 电子资源: | ||
| 000 | 00951nam 22000289i 450 | |
| 001 | E0753671035 | |
| 005 | 20070707145445.42 | |
| 008 | 991019m2000 u y a b 001 0 | |
| 020 | @a0262220628 (hb) :@c635.70. | |
| 041 | @aeng | |
| 050 | @aHD3616.U47@bV57 2000 | |
| 082 | 04 | @a338.973@221 |
| 090 | @aF471.20 | |
| 090 | @aF471.2 | |
| 099 | @dF471.2@ex15=3 | |
| 100 | 1 | @aViscusi@cW. Kip. |
| 245 | 10 | @aEconomics of regulation and antitrust / @cW. Kip Viscusi, John M. Vernon, Joseph E. Harrington, Jr. |
| 250 | @a3rd ed. | |
| 260 | 1 | @aCambridge, Mass. :@bMIT Press,@c2000. |
| 300 | @axxvi, 864 p. :@bill. ;@c24 cm. | |
| 504 | @aIncludes bibliographical references and indexes. | |
| 650 | 4 | @aAntitrust law@zUnited States. |
| 650 | 4 | @aIndustrial policy@zUnited states. |
| 650 | 4 | @aTrade regulation@zUnited States. |
| 700 | 1 | @aHarrington@cJoseph Emmett,@d1957- |
| 700 | 1 | @aVernon@cJohn M. |
| 700 | 1 | @c(John Mitcham),@d1937- |
| Economics of regulation and antitrust / / W. Kip Viscusi, John M. Vernon, Joseph E. Harrington, Jr.-3rd ed.-Cambridge, Mass. : : MIT Press, , 2000. |
| xxvi, 864 p. : : ill. ; ; 24 cm. |
| Includes bibliographical references and indexes. |
| ISBN 0262220628 (hb) :635.70. |
| ● |
| 相关链接 |
|
|
|
|
正题名:Economics of regulation and antitrust
索取号:F471.2/x15=3
 
预约/预借
| 序号 | 登录号 | 条形码 | 馆藏地/架位号 | 状态 | 备注 |
| 1 | 0010947 | 300109479 | 第二样本阅览室/ [索取号:F471.2/x15=3] | 在馆 | |
| 2 | 0010948 | 300109488 | 第四借阅区/ [索取号:F471.2/x15=3] | 在馆 | |
| 3 | 0010949 | 300109497 | 第四借阅区/ [索取号:F471.2/x15=3] | 在馆 |